Steely Dan Albums - Statistics

General Stats
  • This quiz has been taken 67 times
    39 since last reset
  • The average score is 12 of 18
Answer Stats
Hint Answer % Correct
1977 Aja
100%
1975 Katy Lied
100%
1980 Gaucho
96%
1974 Pretzel Logic
96%
1972 Can't Buy A Thrill
93%
1973 Countdown to Ecstasy
89%
1976 The Royal Scam
89%
2003 Everything Must Go
85%
2000 Two Against Nature
85%
1982 The Nightfly
74%
1994 11 Tracks of Whack
52%
1993 Kamakiriad
52%
2006 Morph the Cat
44%
2012 Sunken Condos
41%
1995* Alive in America
37%
2008 Circus Money
30%
2021* Northeast Corridor
22%
2021* The Nightfly Live
19%
No matching quizzes found
Score Distribution
Percent of People with Each Score
Percentile by Number Answered
Your Score History
You have not taken this quiz since the last reset